Countries with Most Classical Music Awards - Statistics

General Stats
  • This quiz has been taken 171 times
  • The average score is 13 of 22
Answer Stats
Number of Awards Answer % Correct
12 Germany
97%
4 France
95%
1 United Kingdom
92%
2 United States of America
92%
3 Austria
89%
4 Russia
88%
5 Italy
87%
5 Spain
84%
2 China
77%
3 Poland
74%
1 Sweden
62%
1 Netherlands
60%
2 Belgium
59%
2 Finland
56%
1 Switzerland
56%
1 Brazil
51%
1 South Korea
39%
1 Turkey
30%
1 Croatia
25%
1 Latvia
19%
1 Georgia
11%
1 Liechtenstein
6%
No matching quizzes found
Score Distribution
Percent of People with Each Score
Percentile by Number Answered
Your Score History
You have not taken this quiz